000 00337nam a22001457a 4500
003 SGT
020 _a9789331524410
082 _a616.04707
_bC16M
100 _aMasthan, KMK
245 _aColour Atlas of Oral Cancer
260 _aNew Delhi, India
_bJaypee Brothers
_c2016
300 _a145
650 _aOral Cancer
942 _2ddc
_cBK
_01
999 _c24698
_d24698